00491nam a2200193 a 4500001001300000003000900013005001700022008004100039020001000080082001800090100001900108245004200127260004200169300000900211500003500220505001000255650001300265700001900278nice12345678IN_TiNIC20260116013519.0050524s1983 dela grp 000 0 eng  ac20000a294.5922bKHA aKhan, Benjamin aConcept of Dharma in Valmiki Ramayana aDelhibMunshiram Manoharlal Pubc1983 a273p aincludes index and biblioraphy2 aIndex aRamayana1 aKhan, Benjamin